| 000 | 00682cam a22002291 4500 | ||
|---|---|---|---|
| 001 | he 67000684 | ||
| 003 | DLC | ||
| 005 | 20260227111445.0 | ||
| 008 | 850117s1965 nyu 000 0 heb | ||
| 010 | _ahe 67000684 | ||
| 035 | _a(OCoLC)19208057 | ||
| 040 |
_aDLC _cMH _dCU _dDLC |
||
| 042 | _apremarc | ||
| 050 | 0 | 0 |
_aBM506.B63 _bK6 |
| 245 | 0 | 0 |
_aShiṭah meḳubetset he-ḥadash : _bʻal masekhet Berakhot... |
| 260 |
_aNew York : _bNidpas be-vet defus S. Dayṭsh, _c626 [1965 or 1966] |
||
| 300 |
_a384 p. ; _c29 cm. |
||
| 630 | 0 | 0 |
_aTalmud. _pBerakhot _xCommentaries. |
| 700 | 1 | _aKohn, Chananyah Dov. | |
| 700 | 1 | _aSchick, Jekuthiel Mordecai. | |
| 700 | 1 | _aSteif, Jonathan. | |
| 999 |
_c32298 _d32298 |
||